Cargando...

Woman in Indian short stories: feminist perspective/

Detalles Bibliográficos
Autor principal: Usha Bande .
Otros Autores: Ram, Atma .
Formato: Printed Book
Publicado: Jaipur : Ravat Publications , 1970.
Materias:
LEADER 00551cam a2200157ua 4500
082 1 4 |a In 823.0109  |b USH-W 
100 1 |a Usha Bande . 
245 1 0 |a Woman in Indian short stories: feminist perspective/  
260 |a Jaipur :   |b Ravat Publications ,   |c 1970. 
300 |a 188p. ;  
650 0 |a Indian literature in english 
650 0 |a Criticism and interpretation 
700 1 |a Ram, Atma . 
942 |c BK 
999 |c 29062  |d 29062 
952 |0 0  |1 0  |4 0  |6 IN_823_010900000000000_USHW  |7 0  |9 37228  |a KU  |b KU  |d 2015-07-05  |l 2  |o In 823.0109 USH-W  |p EN14001  |r 2017-11-03  |s 2017-10-23  |y BK